| 000 | 00362nam a2200145Ia 4500 | ||
|---|---|---|---|
| 008 | 230711s9999||||xx |||||||||||||| ||und|| | ||
| 041 | _aENG | ||
| 082 |
_a800 _bPU-P |
||
| 100 | _aPunjabi University Patiala | ||
| 245 | 0 | _aEnglish-punjabi dictionary | |
| 250 | _a1st . Ed. | ||
| 260 |
_c1994 _aNew Delhi _bPradeep publishers |
||
| 650 | _aLiterature | ||
| 942 | _cBK | ||
| 999 |
_c2905 _d2905 |
||